| 000 | 00855cam a2200241 4500 | ||
|---|---|---|---|
| 001 | ABS62468 | ||
| 008 | 000000n2000 000 0 eng u | ||
| 035 | _a(Sirsi) u106624 | ||
| 100 | _aRoaf, S. | ||
| 245 | _aBuilding to sustainability standards | ||
| 260 | _c2000 | ||
| 490 |
_aTown & Country Planning _v69(6) June 2000, 188-191(4) |
||
| 520 | _aLooks at the benefits that more environmentally friendly new housing could make to achieve global warming reduction, and focuses on carbon dioxide emission in particular. | ||
| 590 | _aABS | ||
| 650 | _aGLOBAL WARMING | ||
| 650 | _aCARBON DIOXIDE EMISSIONS | ||
| 650 | _aDOMESTIC ENERGY CONSUMPTION | ||
| 650 | _aNEW HOUSING | ||
| 650 | _aENVIRONMENTALLY FRIENDLY | ||
| 690 | _aENVIRONMENTAL AND LAND CONSULTANCY-ENERGY-ENERGY USE-ENERGY EFFICIENCY | ||
| 700 | _aRookwood, R. | ||
| 942 | _n0 | ||
| 999 |
_c63847 _d63847 |
||